Baca

Bibliographic Details
Format: Book
Published: Kuala Lumpur, Malaysia : Persatuan Pustakawan Malaysia 2022
Series:Graphic library
Subjects:

MARC

LEADER 00000cam a2200000 7i4500
001 0000091926
005 20230713104042.0
008 230713 may
020 |a 9789672584209 (  |q (paperback)) 
040 |e rda 
041 |a English 
090 0 0 |a 028.9   |b BAC 
245 1 0 |a Baca 
264 1 |a Kuala Lumpur, Malaysia :   |b Persatuan Pustakawan Malaysia   |c 2022 
300 |a 136 pages :   |b color illustrations ;   |c 23 cm. 
336 |a text  |2 rdacontent 
337 |a unmediated  |2 rdamedia 
338 |a volume  |2 rdacarrier 
490 1 |a Graphic library 
541 |c Donation 
650 0 |a Bibliotheraphy 
650 0 |a Books & reading 
650 0 |a Reading interests 
730 0 |a Title 
999 |a 0001728973   |b Book   |c Adult Collection   |e Perbadanan Perpustakaan Awam Johor 
999 |a 0001728974   |b Book   |c Adult Collection   |e Perbadanan Perpustakaan Awam Johor 
999 |a 0001728975   |b Book   |c Adult Collection   |e Cawangan Urban Transformation Centre 
999 |a 0001728976   |b Book   |c Adult Collection   |e Cawangan Tmn. Ungku Tun Aminah 
999 |a 0001728977   |b Book   |c Adult Collection   |e Cawangan AEON Kulaijaya